Counterfeit drugs questions and answers.

Bibliographic Details
Corporate Author: United States. Food and Drug Administration
Format: Government Document eBook
Language:English
Published: [Rockville, Md.] : U.S. Food and Drug Administration, [2003?]
Subjects:
Online Access:https://purl.fdlp.gov/GPO/LPS112183

MARC

Tag First Indicator Second Indicator Subfields
LEADER 00000cam a2200000 a 4500
001 in00002492443
005 20211202191527.0
006 m d f
007 cr bn|||||||||
008 090504s2003 mdu s f000 0 eng c
035 |a (OCoLC)ocn320093292 
040 |a GPO  |c GPO  |d MvI  |d UtOrBLW 
042 |a pcc 
043 |a n-us--- 
049 |a WWW 
074 |a 0475 (online) 
086 0 |a HE 20.4002:C 83 
245 0 0 |a Counterfeit drugs questions and answers. 
264 1 |a [Rockville, Md.] :  |b U.S. Food and Drug Administration,  |c [2003?] 
300 |a 1 electronic text :  |b HTML file. 
336 |a text  |b txt  |2 rdacontent 
337 |a computer  |b c  |2 rdamedia 
338 |a online resource  |b cr  |2 rdacarrier 
538 |a Mode of access: Internet from the FDA web site. Address as of 5/4/09: http://www.fda.gov/oc/initiatives/counterfeit/qa.html ; current access available via PURL. 
500 |a Title from title screen (viewed on May 4, 2009). 
500 |a Electronic resource. 
650 0 |a Product counterfeiting  |z United States  |v Miscellanea. 
650 0 |a Drugs  |x Standards  |z United States  |v Miscellanea. 
710 1 |a United States.  |b Food and Drug Administration. 
856 4 0 |u https://purl.fdlp.gov/GPO/LPS112183  |t 0 
999 |a MARS 
999 f f |s d69f5407-f6da-3060-9f51-cf184a141d78  |i fedd65de-5e9a-3012-bc16-29c9ecfa2857  |t 0 
952 f f |a Texas A&M University  |b College Station  |c Electronic Resources  |d Available Online  |t 0  |e HE 20.4002:C 83  |h Superintendent of Documents classification 
998 f f |a HE 20.4002:C 83  |t 0  |l Available Online